Statistics for Star Wars PS2 Video games

Click here to take the quiz!

General Stats

  • This quiz has been taken 217 times
  • The average score is 5 of 12

Answer Stats

Year Star Wars Game % Correct
2004Battlefront
89%
2005Battlefront II
86%
2005Lego Star Wars
66%
2005Episode III: Revenge of the Sith
53%
2002Racer Revenge
45%
2008the Force Unleashed
44%
2002Bounty Hunter
39%
2009the Clone Wars: republic heroes
32%
2001Starfighter
28%
2002Jedi Starfighter
24%
2006Lego Star Wars II
22%
2001Super Bombad Racing
12%

Score Distribution

Percentile by Number Answered

Percent of People with Each Score

Your Score History

You have not taken this quiz